Wiedza o wszystkim i o niczym!:) - Statystyki

Ogólne statystyki
  • Ten quiz został rozwiązany 432 razy
  • Średni wynik to 9 z 15
Statystyki odpowiedzi
Zagadnienie Odpowiedź % Poprawnych
Zorzę polarną można zobaczyć tylko w Skandynawii. Fałsz
100%
Ludzkie oczy zmieniają swój rozmiar z czasem dojrzewania. Fałsz
100%
W Luksemburgu nie płaci się podatków. Fałsz
100%
Rzeka Ural jest dłuższa niż rzeka Dunaj. Fałsz
100%
Na Kubie mówi się po hiszpańsku. Prawda
100%
Statua wolności została zbudowana w Stanach Zjednoczonych. Fałsz
50%
Izrael istnieje już ponad 100 lat. Fałsz
50%
Epidemia koronowirusa zaczęła się w Chinach. Prawda
50%
Maroko było kiedykolwiek kolonią. Prawda
50%
Józef Stalin urodził się w Gruzji. Prawda
50%
Polska ma więcej mieszkańców niż Kanada. Prawda
50%
Statystycznie biorąc, codziennie 22 weteranów odbiera sobie życie w USA. Prawda
50%
Wieża Eiffla została zbudowana około 200 lat temu. Fałsz
0%
Kuba Grabowski (Quebonafide) urodził się w Niemczech, ale kiedy był mały jego rodzice postanowili wrócić do Polski. Fałsz
0%
20%-30% całej populacji ziemi zamieszkuje obszary Azji. Fałsz
0%
Nie znaleziono quizów pasujących do podanych kryteriów
Rozkład punktacji
Procent ludzi z każdym wynikiem
Percentyl według liczby udzielonych odpowiedzi
Twoja historia wyników
Nie rozwiązałeś tego quizu